000 00510nam a22001817a 4500
005 20240110130915.0
008 200317b xxu||||| |||| 00| 0 eng d
020 _a9789387964907
041 _aeng
082 _a610
100 _aSIDDIQUI ANEES A AND SIDDIQUI, SEEMI
_95125
245 _aPHARMACEUTICAL ANALYSIS : AS PER NEW PCI SYLLABUS VOL-1
250 _a4'TH
260 _aNEW DELHI
_bCBS PUBLISHERS AND DISTRIBUTORS
_c2019
300 _a246 P. , V
650 _aPHARMCY
_xD.PHARMA
_97473
942 _cBK
999 _c6123
_d6121